Disney Movies by Castles Pictures - Statistics

General Stats
  • This quiz has been taken 878 times
  • The average score is 9 of 18
Answer Stats
Picture Answer % Correct
Aladdin
99%
Frozen
97%
Mulan
88%
The Little Mermaid
78%
Snow White and the Seven Dwarfs
60%
Sleeping Beauty
55%
The Jungle Book
55%
Tangled
53%
Alice in Wonderland
52%
Cinderella
52%
The Emperor's New Groove
52%
Hercules
51%
Brave
44%
Beauty and the Beast
39%
Robin Hood
25%
The Sword in the Stone
18%
The Black Cauldron
15%
Wish
14%
No matching quizzes found
Score Distribution
Percent of People with Each Score
Percentile by Number Answered
Your Score History
You have not taken this quiz